<?xml version="1.0" encoding="UTF-8"?>
<marc:record xmlns:marc="http://www.loc.gov/MARC21/slim">
   <marc:leader>00000nam a2200000 a 4500</marc:leader>
   <marc:datafield ind1="1" ind2=" " tag="100">
      <marc:subfield code="a">Grisham, John</marc:subfield>
      <marc:subfield code="4">aut</marc:subfield>
      <marc:subfield code="e">Verfasser/-in</marc:subfield>
   </marc:datafield>
   <marc:datafield ind1=" " ind2=" " tag="653">
      <marc:subfield code="a">d</marc:subfield>
   </marc:datafield>
   <marc:datafield ind1="0" ind2="0" tag="245">
      <marc:subfield code="a">Die Kammer</marc:subfield>
   </marc:datafield>
   <marc:datafield ind1=" " ind2="1" tag="264">
      <marc:subfield code="b">Hamburg/Hoffmann&amp;Campe/1995/608</marc:subfield>
      <marc:subfield code="c">1995</marc:subfield>
   </marc:datafield>
   <marc:datafield ind1="1" ind2=" " tag="520">
      <marc:subfield code="a">In der führenden Anwaltsfirma von Chicago steht der junge Anwalt Adam Hall am Anfang einer Traumkarriere. Plötzlich setzt er alles aufs Spiel wegen eines Falls, der nicht zu gewinnen ist. Im Hochsicherheitstrakt des Staatsgefängnisses von Mississippi wartet Sam Cayhall auf die Hinrichtung. ... Es geht um Tage, Stunden, Minuten. Und es geht um ein tödliches Geheimnis.</marc:subfield>
   </marc:datafield>
   <marc:datafield ind1=" " ind2=" " tag="020">
      <marc:subfield code="a">9783455024944</marc:subfield>
      <marc:subfield code="9">9783455024944</marc:subfield>
   </marc:datafield>
</marc:record>
